| 000 | 01224nam a22003377a 4500 | ||
|---|---|---|---|
| 003 | CHAP | ||
| 005 | 20220329140530.0 | ||
| 008 | 971013s1949 r 00010 d | ||
| 010 | _a53436 | ||
| 011 | _a54408 | ||
| 035 | _a58559 | ||
| 040 | _cCHAP | ||
| 090 | _aFolleto 8749 | ||
| 100 | 0 | 0 |
_aWellhausen, Edwin John. _9121430 |
| 245 | _aFrijol Rocamex 1,2 y 3, tres variedades mejoradas para siembras de temporal en la Mesa Central | ||
| 250 | _aFrijol Rocamex 1,2 y 3, tres variedades mejoradas para siembras de temporal en la Mesa Central | ||
| 260 |
_aMéxico, D.F. : _bOficina de Estudios Especiales, _c1949 |
||
| 300 |
_a19 p. _b: ilus. ; mapa |
||
| 490 |
_aFolleto de divulgación _v; 8 |
||
| 590 |
_aBATCH-UPD _b10 _c20130110 _lUCH01 _h0323 |
||
| 590 |
_aBATCH-UPD _b10 _c20130110 _lUCH01 _h1947 |
||
| 590 |
_aBATCH-UPD _b10 _c20130409 _lUCH01 _h2355 |
||
| 590 |
_aBATCH-UPD _b10 _c20130914 _lUCH01 _h1423 |
||
| 590 |
_aCONVERSION _b10 _c20130109 _lUCH01 _h1329 |
||
| 650 | 1 | 4 |
_aFrijol _xMejoramiento. _943404 |
| 650 | 1 | 4 |
_aFrijol _xVariedades. _943446 |
| 830 | 0 |
_aFolleto de divulgación _v; 8 _942033 |
|
| 901 | _aBK | ||
| 942 | _cFOLL | ||
| 949 |
_aFolleto 8749 _bBC _cFOLL _d-127077 _eTS1 _i58559 _mD.Ing. de la Puente _si |
||
| 999 |
_c53436 _d53436 |
||